000 00676nam a2200205 i 4500
001 113532
003 ES-MaACL
005 20250702193900.0
007 t|
008 061121s1944 sp r ||||1| spa d
100 1 _aPabón y Suárez de Urbina, Jesús,
_d1902-1976
_988103
245 1 4 _aLas ideas y el sistema Napoleónico /
_cJesús Pabón.
260 _aMadrid :
_bInstituto de Estudios Políticos,
_c1944.
300 _a167 p. ;
_c22 cm.
600 0 4 _aNapoleón
_bI
_c, Emperador de Francia.
_984910
650 4 _a
_9241181
710 2 _aInstituto de Estudios Políticos (Madrid)
_94924
852 _aES-MaACL
_jF-16097
_bR.20814
999 _c113532
_d113532